Kime Aydın Denir/ (Record no. 13781)

MARC details
000 -BAŞLIK
Sabit Uzunlukta Kontrol Alanı 00669nam a22002417a 4500
999 ## - SİSTEM KONTROL NUMARALARI (KOHA)
Koha Biblionumber 13781
Koha Biblioitemnumber 13781
003 - KONTROL NUMARASI IDENTIFIER
Denetim Alanı MIRAKIL
005 - SON İŞLEM TARİHİ VE ZAMANI
Denetim Alanı 20201118173102.0
008 - SABİT-BOY VERİ ELEMANLARI - GENEL BİLGİLER
Sabit Uzunlukta Kontrol Alanı 200219b tu ||||| |||| 00| 0 tur d
020 ## - ULUSLARARASI STANDART KİTAP NUMARASI
Uluslararası Standart Kitap Numarası 975 298 179 8
040 ## - KATALOGLAMA KAYNAK
Orijinal Kataloglama Ajansı TR-AnCHP
Metne Dönüştürmek Ajansı TR-AnCHP
041 ## - DİL KODU
Metin / Ses Parça Veya Ayrı Başlığın Dil Kodu TUR
082 ## - DEWEY ONLU SINIFLANDIRMA NUMARASI
Sınıflandırma Numarası 305.552
Ürün Numarası K74k 2009
100 ## - ANA GİRİŞ - KİŞİSEL İSİM
Kişisel Ad Köklügiller Ahmet
245 10 - BAŞLIK TABLOSU
Başlık Kime Aydın Denir/
Sorumluluk Tablosu, Vb Derleyen Ahmet Köklügiller.
260 ## - YAYIN, DAĞITIM, VB
Yayın, Dağıtım, Vb Yeri İstanbul:
Yayıncı, Dağıtıcı, Vs Adı Kültür Sanat Yayıncılık,
Yayın, Dağıtım, Vb Tarihi 2009.
300 ## - FİZİKSEL TANIM
Kapsam 251 s.:
Boyutlar 21 sm.
504 ## - KAYNAKÇA VB NOT
Kaynakça Vb Notu Dizin vardır.
600 14 - KONU KATMA GİRİŞ - KURUMSAL ADI
Genel Alt Bölümü Felsefe Tarihi
650 #0 - KONU KATMA GİRİŞ - TOPİKAL DÖNEM
9 (RLIN) 5063
Topikal Süreli Veya Coğrafi Ad Giriş Elemanı Aydınlar
Olayın Yeri Türkiye
700 ## - KATMA GİRİŞ - KİŞİSEL İSİM
9 (RLIN) 6295
Kişisel Ad Köklügiller Ahmet
942 ## - EKLENDİ GİRİŞ ELEMANLARI (KOHA)
Sınıflandırma Veya Raf Düzeni Kaynak Dewey Decimal Classification
Koha Öğesi Türü Books
999 ## - SİSTEM KONTROL NUMARALARI (KOHA)
Koha Biblioitemnumber 13781
Holdings
Kalıcı Konum Mevcut Konum Edinme Tarihi Toplam Check-Out'Lar Tam Çağrı Numarası Barkod Tarih Son Görülme Koha Öğesi Türü
Parti Okulu Kütüphanesi Parti Okulu Kütüphanesi 02/19/2020   305.552 K74k 2009 P00601 02/19/2020 Books